000 01233nam a2200313 a 4500
001 BRCA_3388
005 20190320204245.0
041 _aeng
044 _aenk
084 _a677
_b.R68
_c1905
100 1 _aCervantes Saavedra, Miguel de
_d1547-1616
_9213
245 1 0 _aThe Adventures of Don Quixote de la Mancha
_cAdapted for the Young by M. Jones.
260 _aLondres
_bGeorge Routledge and Sons
_c1905
300 _a1 v. en 2 partes (x, 503 p.)
_bil. a color
_c20 cm.
500 _aContenido : Prefacio. Texto compendiado
500 _aEdición : With 206 Illustrations by John Gilbert and other Artists
500 _aEjemplar igual al anterior [676]. Tela; lomo y plano adornados con asuntos quijotiles en color Lúdovik Osterc
500 _aQMB123
546 _aTexto en : inglés
650 1 4 _aNovela española
_yÉpoca clásica, 1500-1700
_9215
650 1 4 _aLiteratura española
_yÉpoca clásica, 1500-1700
_9216
650 1 4 _aNovela española
_ySiglo XVII
_9217
650 1 4 _aDon Quijote (Personaje ficticio)
_eNovela
_9218
700 1 _aJones, M.
_eEditor
_98909
700 1 _aGilbert, John
_d1817-1897
_eIlustrador
_98910
740 0 _aEl Ingenioso Hidalgo Don Quijote de la Mancha
902 _aQFM
942 _2lcc
_cB
999 _c3124
_d3124